000
00192nam a2200073Ia 4500
008
170817s9999 xx 000 0 und d
100
_a
Dutt.Gopal N.H
245
0
_a
Environmental Pollution & Control
260
_b
Neel Kamal Pub
999
_c
38301
_d
38301